Výstava obrazov akad. maliara a sochára Jozefa Nurmana v galerii Bezděkovej

Bibliographic Details
Format: Article
Language:Slovak
Subjects:

MARC

LEADER 00000nab a22000001a 4500
001 vtls009407309
003 SK-MaSNL
005 20260426063326.0
008 081118d19310702xo |r|p|||| |000 b|slo
015 |a SNBRRBVU1918-1938 
015 |a SNBRB1918-1938 
038 |a SNKBUCL 
038 |a SNKBUVU 
040 |a SNKBUVU  |b slo  |c SNKBUCL  |e AACR2 
041 0 |a slo 
044 |a xo  |c SK 
080 |a 75.071.1:061.4  |2 1997 
080 |a 061.4  |2 1997 
245 0 0 |a Výstava obrazov akad. maliara a sochára Jozefa Nurmana v galerii Bezděkovej 
600 1 7 |a Murmann, Jozef,  |d 1889-1944  |x výstavy  |2 snkbucl  |9 1285521 
610 2 7 |a Bezděkova galéria (Bratislava, Slovensko)  |2 snkbucl  |9 113839 
648 7 |a 1931  |2 MM  |9 287983 
651 7 |a Bratislava (Slovensko)  |2 MM  |9 14568 
773 0 |t Slovenský denník  |g Roč. 14, č. 149 (2.7.1931), s. 5 
852 |a SNK  |b KIS3GCP 
910 |a snkrbvumm 
958 |a VY 
999 |c 2554841  |d 2556771